Parròquies d'Andorra (amb mapa) - Statistics

General Stats
  • This quiz has been taken 5 times
  • The average score is 6 of 7
Answers on the Map
Answers color-coded by a green-red scale on the quiz's map according to % correct below.
 
Answer Stats
Parròquia % Correct
Andorra la Vella
100%
Escaldes-Engordany
100%
Canillo
80%
Encamp
80%
Ordino
80%
Sant Julià de Lòria
80%
La Massana
60%
No matching quizzes found
Score Distribution
Percent of People with Each Score
Percentile by Number Answered
Your Score History
You have not taken this quiz